| 000 | 00624nam a22001457a 4500 | ||
|---|---|---|---|
| 003 | MACL | ||
| 005 | 20200318125049.0 | ||
| 008 | 200318b xxu||||| |||| 00| 0 eng d | ||
| 040 | _cMACL | ||
| 100 |
_aशर्मा आशीष _936479 |
||
| 245 | _aसहज कम्प्यूटर बोध 10मॉडलपेपर विषयवार अध्ययनमाला कम्प्यूटर शब्दावली | ||
| 260 |
_aइन्दौर _bतक्षशिला पब्लिकेशन _c2020 |
||
| 650 |
_aकम्प्यूटर _978689 |
||
| 942 |
_2ddc _cHIN |
||
| 999 |
_c62439 _d62439 |
||